Kỹ xảo tiêu thụ sản phẩm
Wedi'i Gadw mewn:
| Prif Awdur: | |
|---|---|
| Fformat: | Llyfr |
| Iaith: | Undetermined |
| Cyhoeddwyd: |
Trẻ
2001
|
| Tagiau: |
Ychwanegu Tag
Dim Tagiau, Byddwch y cyntaf i dagio'r cofnod hwn!
|
| Thư viện lưu trữ: | Trung tâm Học liệu Trường Đại học Cần Thơ |
|---|
| LEADER | 00475nam a2200145Ia 4500 | ||
|---|---|---|---|
| 001 | CTU_49026 | ||
| 008 | 210402s9999 xx 000 0 und d | ||
| 082 | |a 658.81 | ||
| 082 | |b Tr513 | ||
| 100 | |a TRỮ THÀNH TRUNG | ||
| 245 | 0 | |a Kỹ xảo tiêu thụ sản phẩm | |
| 245 | 0 | |c TRỮ THÀNH TRUNG, Lý Cương, Lưu Đĩnh Quân; Dịch giả: Lê Phương An | |
| 260 | |b Trẻ | ||
| 260 | |c 2001 | ||
| 980 | |a Trung tâm Học liệu Trường Đại học Cần Thơ | ||